000 00543nam a2200181Ia 4500
008 090123s9999 xx 000 0 und d
082 _b40450
100 _aमिरासदार द.मा.
245 _aगुदगुल्या
250 _a0
260 _bसुपर्ण प्रकाशन
_c2004
300 _a144
600 _aमिरासदार द.मा.
630 _aगुदगुल्या
700 _aमिरासदार द.मा.
730 _aगुदगुल्या
942 _cBOOK
999 _c78520
_d78520